| 000 | 00651nam a2200193 i 4500 | ||
|---|---|---|---|
| 001 | 35476 | ||
| 003 | ES-MaACL | ||
| 005 | 20230906155132.0 | ||
| 007 | t| | ||
| 008 | 030213s1917 fr ||||1| fre d | ||
| 100 | 0 |
_aBouasse, H. _930820 |
|
| 245 | 1 | 0 |
_aOptique géométrique superiore / _cpar Henri Pierre Maxime Bouasse. |
| 260 |
_aParis : _bDelagrave, _c1917 ( _eCoulommiers : _fPaul Brodard) |
||
| 300 |
_aXXIX, 316 p. : _bil. ; _c25 cm. |
||
| 490 | 1 | _aBibliothèque scientifique de l'ingenieur et du physicien | |
| 830 | 0 |
_aBibliothèque scientifique de l'ingenieur et du physicien _9181575 |
|
| 852 |
_aES-MaACL _jB-4863 |
||
| 999 |
_c35476 _d35476 |
||